[Event "Titled Tuesday 2023.02.28 Late"]
[Site "Chess.com INT"]
[Date "2023.02.28"]
[Round "3"]
[White "Kleiman, Jake"]
[Black "Preotu, Razvan"]
[Result "0-1"]
[WhiteElo "2399"]
[BlackElo "2494"]
[WhiteFideId "-1"]
[WhiteFideId "-1"]
[PlyCount "72"]
[GameId "1887647060758528"]
[EventDate "2023.02.28"]
[EventType "swiss (blitz)"]
[EventRounds "11"]
[EventCountry "NET"]
[SourceTitle "CBM 213 Extra"]
[Source "ChessBase"]
[SourceDate "2023.05.31"]
[SourceVersion "1"]
[SourceVersionDate "2023.05.31"]
[SourceQuality "1"]

1. e4 c5 2. c3 Nf6 3. e5 Nd5 4. Bc4 Nb6 5. Bb3 d6 6. exd6 Qxd6 7. Nf3 c4 8. Bc2 Qe6+ 9. Qe2 Qxe2+ 10. Kxe2 Nc6 11. d4 cxd3+ 12. Bxd3 Bg4 13. Nbd2 O-O-O 14. h3 Bh5 15. g4 Bg6 16. Bxg6 hxg6 17. Ne4 e5 18. Be3 Nc4 19. b3 Nxe3 20. fxe3 Be7 21. b4 f5 22. Ng3 e4 23. Nd4 Nxd4+ 24. exd4 Bh4 25. Rag1 Bxg3 26. Rxg3 f4 27. Rgg1 g5 28. Rd1 Rh4 29. d5 Rdh8 30. Rd4 e3 31. d6 Rxh3 32. Rc4+ Kd8 33. Rd1 Rh2+ 34. Kf3 e2 35. Re1 Re8 36. Rc7 Re3# 0-1

[Event "PRO League Prelim"]
[Site "Chess.com INT"]
[Date "2023.02.16"]
[Round "1.1"]
[White "Preotu, Razvan"]
[Black "Naroditsky, Daniel"]
[Result "1/2-1/2"]
[WhiteElo "2494"]
[BlackElo "2618"]
[WhiteFideId "-1"]
[WhiteFideId "-1"]
[PlyCount "136"]
[GameId "1882572455415808"]
[EventDate "2023.02.14"]
[EventType "team-swiss (rapid)"]
[EventRounds "5"]
[EventCountry "USA"]
[SourceTitle "CBM 212 Extra"]
[Source "ChessBase"]
[SourceDate "2023.03.31"]
[SourceVersion "1"]
[SourceVersionDate "2023.03.31"]
[SourceQuality "1"]
[WhiteTeam "Canada ChessBrahs"]
[BlackTeam "Charlotte Cobras"]
[WhiteTeamCountry "CAN"]
[BlackTeamCountry "USA"]

1. e4 c6 2. d4 d5 3. e5 c5 4. Nf3 cxd4 5. Qxd4 Nc6 6. Qf4 e6 7. Bd3 Nb4 8. Nc3 Bd7 9. O-O Nxd3 10. cxd3 Ne7 11. h4 h5 12. Ne2 Nf5 13. Ng3 Be7 14. Nxf5 exf5 15. Qg3 g6 16. Bg5 Be6 17. Qf4 O-O 18. Bxe7 Qxe7 19. Qh6 f6 20. Qxg6+ Qg7 21. Qxg7+ Kxg7 22. Rfe1 Rac8 23. Nd4 Rfe8 24. f4 Kf7 25. Re3 fxe5 26. Rxe5 Kf6 27. Kf2 Bd7 28. Rxd5 Re7 29. Re1 Rxe1 30. Kxe1 Rc7 31. Kd2 Bc8 32. Rd6+ Kg7 33. Nb5 Re7 34. Nxa7 Bd7 35. b3 Kh7 36. g3 Be8 37. Nc8 Rg7 38. Nb6 Rxg3 39. Nd5 Bf7 40. Ne3 Rf3 41. Rd7 Kg6 42. Nc4 Bxc4 43. bxc4 Rxf4 44. Rxb7 Rxh4 45. c5 Kf6 46. c6 Ke6 47. Rh7 Rh2+ 48. Kc3 Rxa2 49. Rxh5 Kd6 50. Rh6+ Kc7 51. d4 Ra1 52. d5 Rd1 53. Kc4 f4 54. Rf6 Rc1+ 55. Kd4 Rd1+ 56. Ke4 Re1+ 57. Kxf4 Re2 58. Kf5 Rf2+ 59. Ke6 Re2+ 60. Kf7 Re5 61. d6+ Kxc6 62. Re6 Rh5 63. Ke7 Rh7+ 64. Ke8 Rh8+ 65. Ke7 Rh7+ 66. Ke8 Rd7 67. Rf6 Rxd6 68. Rxd6+ Kxd6 1/2-1/2

[Event "PRO League Prelim"]
[Site "Chess.com INT"]
[Date "2023.02.16"]
[Round "1.3"]
[White "Krush, Irina"]
[Black "Preotu, Razvan"]
[Result "1/2-1/2"]
[WhiteElo "2432"]
[BlackElo "2494"]
[WhiteFideId "-1"]
[WhiteFideId "-1"]
[PlyCount "103"]
[GameId "1882572455686144"]
[EventDate "2023.02.14"]
[EventType "team-swiss (rapid)"]
[EventRounds "5"]
[EventCountry "USA"]
[SourceTitle "CBM 212 Extra"]
[Source "ChessBase"]
[SourceDate "2023.03.31"]
[SourceVersion "1"]
[SourceVersionDate "2023.03.31"]
[SourceQuality "1"]
[WhiteTeam "Charlotte Cobras"]
[BlackTeam "Canada ChessBrahs"]
[WhiteTeamCountry "USA"]
[BlackTeamCountry "CAN"]

1. d4 Nf6 2. c4 g6 3. Nc3 d5 4. cxd5 Nxd5 5. e4 Nxc3 6. bxc3 Bg7 7. Qa4+ Qd7 8. Bb5 c6 9. Be2 O-O 10. Nf3 b5 11. Qc2 a5 12. O-O b4 13. Be3 c5 14. Rfd1 cxd4 15. cxd4 Ba6 16. Rac1 Rc8 17. Qd2 Bxe2 18. Qxe2 Nc6 19. d5 Ne5 20. Nd4 Ng4 21. Nc6 Nxe3 22. Qxe3 Bc3 23. Qc5 Rc7 24. g3 e6 25. Rd3 exd5 26. exd5 Re8 27. Rcd1 Qf5 28. Re3 Rxe3 29. Qxe3 Qc2 30. Rd3 Kg7 31. Nd4 Bxd4 32. Qxd4+ f6 33. d6 Rd7 34. Rf3 Qc1+ 35. Kg2 Qg5 36. Re3 Qf5 37. h3 g5 38. Re2 h5 39. h4 g4 40. Kh2 Qf3 41. Rd2 Qc3 42. Qd5 a4 43. Re2 Qf3 44. Qe6 Rxd6 45. Qe7+ Kg6 46. Qe8+ Kh6 47. Qh8+ Kg6 48. Qg8+ Kh6 49. Qf8+ Kg6 50. Qg8+ Kh6 51. Qh8+ Kg6 52. Qg8+ 1/2-1/2

[Event "PRO League Prelim"]
[Site "Chess.com INT"]
[Date "2023.02.21"]
[Round "2.2"]
[White "Vidit, Santosh Gujrathi"]
[Black "Preotu, Razvan"]
[Result "0-1"]
[WhiteElo "2730"]
[BlackElo "2494"]
[WhiteFideId "-1"]
[WhiteFideId "-1"]
[PlyCount "74"]
[GameId "1885118148935680"]
[EventDate "2023.02.14"]
[EventType "team-swiss (rapid)"]
[EventRounds "5"]
[EventCountry "USA"]
[SourceTitle "CBM 213 Extra"]
[Source "ChessBase"]
[SourceDate "2023.05.31"]
[SourceVersion "1"]
[SourceVersionDate "2023.05.31"]
[SourceQuality "1"]
[WhiteTeam "Indian Yogis"]
[BlackTeam "Canada ChessBrahs"]
[WhiteTeamCountry "IND"]
[BlackTeamCountry "CAN"]

1. Nf3 Nf6 2. c4 c5 3. Nc3 d5 4. cxd5 Nxd5 5. e3 e6 6. Bc4 Be7 7. O-O O-O 8. Qe2 Nc6 9. Rd1 Nxc3 10. bxc3 Na5 11. Bd3 Qc7 12. c4 Bf6 13. Rb1 b6 14. Be4 Bb7 15. Bxb7 Qxb7 16. d3 Rfd8 17. Nd2 Qc6 18. Ne4 Be7 19. Ng3 Rd7 20. Bb2 Rad8 21. Nh5 g6 22. Nf6+ Bxf6 23. Bxf6 Re8 24. f4 Nb7 25. Qf2 Nd6 26. e4 Rc8 27. Rd2 Ne8 28. Bc3 f6 29. Rbd1 Rcd8 30. Qh4 Rf7 31. e5 Ng7 32. g4 g5 33. fxg5 fxg5 34. Qxg5 Rdf8 35. Rg2 Qf3 36. Qc1 Rf4 37. Qc2 Qf1+ 0-1

[Event "PRO League Prelim"]
[Site "Chess.com INT"]
[Date "2023.02.22"]
[Round "2.3"]
[White "Preotu, Razvan"]
[Black "Vaishali, Ramesh Babu"]
[Result "0-1"]
[WhiteElo "2494"]
[BlackElo "2433"]
[WhiteFideId "-1"]
[WhiteFideId "-1"]
[PlyCount "136"]
[GameId "1885118149345280"]
[EventDate "2023.02.14"]
[EventType "team-swiss (rapid)"]
[EventRounds "5"]
[EventCountry "USA"]
[SourceTitle "CBM 213 Extra"]
[Source "ChessBase"]
[SourceDate "2023.05.31"]
[SourceVersion "1"]
[SourceVersionDate "2023.05.31"]
[SourceQuality "1"]
[WhiteTeam "Canada ChessBrahs"]
[BlackTeam "Indian Yogis"]
[WhiteTeamCountry "CAN"]
[BlackTeamCountry "IND"]

1. e4 c5 2. Nf3 Nc6 3. Bb5 e6 4. O-O Nge7 5. Re1 a6 6. Bf1 d5 7. exd5 Nxd5 8. d4 Nf6 9. Be3 cxd4 10. Nxd4 Bd7 11. c4 Qc7 12. Nc3 Bd6 13. h3 O-O 14. Nf3 Ne5 15. Nd2 Ng6 16. Nde4 Nxe4 17. Nxe4 Be5 18. Qb3 Bc6 19. Bb6 Qb8 20. Rad1 h6 21. Qa3 a5 22. b3 Bh2+ 23. Kh1 Bc7 24. Bc5 Rd8 25. Nc3 b6 26. Rxd8+ Qxd8 27. Be3 Qf6 28. Nb5 Be5 29. Qc1 Nf4 30. Bxf4 Bxf4 31. Qc2 Rd8 32. Rd1 g6 33. Kg1 Be5 34. Rxd8+ Qxd8 35. g3 h5 36. Bg2 Bxb5 37. cxb5 h4 38. g4 Bd4 39. Bf3 Bc5 40. Qd1 Qf6 41. Kg2 Qb2 42. Qe2 Qc3 43. Be4 Kg7 44. Qc2 Qd4 45. Qe2 Kf6 46. Qf3+ Ke5 47. Bc6 f5 48. gxf5 gxf5 49. Qe2+ Kf6 50. Qf3 Qd2 51. a4 Qg5+ 52. Kf1 Qc1+ 53. Kg2 Qd2 54. Bb7 e5 55. Qc6+ Kg5 56. Qf3 e4 57. Bxe4 fxe4 58. Qg4+ Kf6 59. Qxh4+ Qg5+ 60. Qxg5+ Kxg5 61. Kf1 Kh4 62. Kg2 Bd4 63. f4 Be3 64. f5 Bd4 65. Kf1 Kxh3 66. Ke2 Kg4 67. b4 Kxf5 68. bxa5 bxa5 0-1

[Event "PRO League Prelim"]
[Site "Chess.com INT"]
[Date "2023.03.09"]
[Round "4.1"]
[White "Preotu, Razvan"]
[Black "Shimanov, Aleksandr"]
[Result "0-1"]
[WhiteElo "2494"]
[BlackElo "2581"]
[WhiteFideId "-1"]
[WhiteFideId "-1"]
[PlyCount "70"]
[GameId "1890202818838528"]
[EventDate "2023.02.14"]
[EventType "team-swiss (rapid)"]
[EventRounds "5"]
[EventCountry "USA"]
[SourceTitle "CBM 213 Extra"]
[Source "ChessBase"]
[SourceDate "2023.05.31"]
[SourceVersion "1"]
[SourceVersionDate "2023.05.31"]
[SourceQuality "1"]
[WhiteTeam "Canada ChessBrahs"]
[BlackTeam "Levitov Chess Wizards"]
[WhiteTeamCountry "CAN"]
[BlackTeamCountry "SUI"]

1. e4 e6 2. d4 d5 3. Nc3 Bb4 4. e5 Ne7 5. a3 Bxc3+ 6. bxc3 c5 7. h4 Qc7 8. Rb1 Nbc6 9. h5 h6 10. Nf3 Bd7 11. Be2 O-O-O 12. Bf4 g5 13. hxg6 fxg6 14. dxc5 g5 15. Bh2 Na5 16. Qd4 Kb8 17. Bd3 Rc8 18. Bg3 Ka8 19. O-O Rcg8 20. c6 Nexc6 21. Qc5 b6 22. Qd6 Qc8 23. a4 h5 24. Nd4 h4 25. Bh2 Nb7 26. Qa3 Nca5 27. Nb5 g4 28. Bf4 g3 29. Nd6 Qf8 30. Be3 Qg7 31. f4 h3 32. Nxb7 hxg2 33. Nxa5 gxf1=Q+ 34. Bxf1 g2 35. Qd6 Rh1+ 0-1

[Event "PRO League Prelim"]
[Site "Chess.com INT"]
[Date "2023.03.09"]
[Round "4.2"]
[White "Mamedov, Rauf"]
[Black "Preotu, Razvan"]
[Result "1-0"]
[WhiteElo "2646"]
[BlackElo "2494"]
[WhiteFideId "-1"]
[WhiteFideId "-1"]
[PlyCount "65"]
[GameId "1890202818936832"]
[EventDate "2023.02.14"]
[EventType "team-swiss (rapid)"]
[EventRounds "5"]
[EventCountry "USA"]
[SourceTitle "CBM 213 Extra"]
[Source "ChessBase"]
[SourceDate "2023.05.31"]
[SourceVersion "1"]
[SourceVersionDate "2023.05.31"]
[SourceQuality "1"]
[WhiteTeam "Levitov Chess Wizards"]
[BlackTeam "Canada ChessBrahs"]
[WhiteTeamCountry "SUI"]
[BlackTeamCountry "CAN"]

1. Nf3 Nf6 2. g3 c5 3. Bg2 Nc6 4. O-O e5 5. d3 d5 6. e4 d4 7. a4 Bd6 8. Na3 h6 9. Nc4 Bc7 10. Nh4 O-O 11. Nf5 Re8 12. Bd2 Rb8 13. h3 a6 14. a5 Be6 15. g4 Bxc4 16. dxc4 Bxa5 17. Bc1 Nh7 18. h4 b5 19. cxb5 axb5 20. Ra3 c4 21. Rh3 Ne7 22. g5 Qd7 23. Qg4 Rbd8 24. gxh6 g6 25. h5 Kh8 26. Rg3 Nf6 27. Qh4 Nxh5 28. Rg5 Ng8 29. Rxh5 Re6 30. Bg5 gxh5 31. h7 f6 32. hxg8=Q+ Kxg8 33. Bxf6 1-0

[Event "PRO League Prelim"]
[Site "Chess.com INT"]
[Date "2023.03.09"]
[Round "4.3"]
[White "Preotu, Razvan"]
[Black "Kosteniuk, Alexandra"]
[Result "0-1"]
[WhiteElo "2494"]
[BlackElo "2519"]
[WhiteFideId "-1"]
[WhiteFideId "-1"]
[PlyCount "100"]
[GameId "1890202819035136"]
[EventDate "2023.02.14"]
[EventType "team-swiss (rapid)"]
[EventRounds "5"]
[EventCountry "USA"]
[SourceTitle "CBM 213 Extra"]
[Source "ChessBase"]
[SourceDate "2023.05.31"]
[SourceVersion "1"]
[SourceVersionDate "2023.05.31"]
[SourceQuality "1"]
[WhiteTeam "Canada ChessBrahs"]
[BlackTeam "Levitov Chess Wizards"]
[WhiteTeamCountry "CAN"]
[BlackTeamCountry "SUI"]

1. e4 e5 2. Nf3 Nc6 3. g3 Nf6 4. d3 Bc5 5. Bg2 d5 6. exd5 Nxd5 7. O-O O-O 8. a3 a5 9. Nc3 Nxc3 10. bxc3 Re8 11. Nd2 Be6 12. Ne4 Be7 13. Be3 Qc8 14. Rb1 Rb8 15. Bc5 Bh3 16. Bxh3 Qxh3 17. Bxe7 Nxe7 18. Qf3 f6 19. Rb5 b6 20. Rfb1 Rbd8 21. c4 Nf5 22. Qg2 Qh6 23. Rd5 Nd4 24. c3 Ne6 25. Qf3 Qg6 26. Kh1 f5 27. Nd2 Ng5 28. Qe2 Rxd5 29. cxd5 Qd6 30. c4 Qxa3 31. Qh5 Nf7 32. Qxf5 Nd6 33. Qf3 e4 34. dxe4 Qxf3+ 35. Nxf3 Rxe4 36. c5 bxc5 37. Ra1 a4 38. Ng5 Rd4 39. Ne6 Rxd5 40. Rxa4 c4 41. Nxc7 Rd1+ 42. Kg2 c3 43. Ra2 Rd2 44. Ra1 c2 45. Rc1 Ne4 46. Kf3 Nc5 47. Ke3 Nb3 48. Nb5 Rxf2 49. Kxf2 Nxc1 50. Nd4 Nd3+ 0-1

[Event "PRO League Prelim"]
[Site "chess.com INT"]
[Date "2023.02.15"]
[Round "1.2"]
[White "Liang, Awonder"]
[Black "Preotu, Razvan"]
[Result "0-1"]
[WhiteElo "2643"]
[BlackElo "2494"]
[WhiteFideId "-1"]
[WhiteFideId "-1"]
[PlyCount "112"]
[GameId "2130307563550674"]
[EventDate "2023.02.14"]
[EventType "team (rapid)"]
[EventRounds "5"]
[EventCountry "NET"]
[SourceTitle "The Week in Chess 1476"]
[Source "Mark Crowther"]
[SourceDate "2023.02.20"]
[SourceVersion "1"]
[SourceVersionDate "2023.02.20"]
[SourceQuality "2"]
[WhiteTeam "Charlotte Cobras"]
[BlackTeam "Canada ChessBrahs"]

1. Nf3 c5 2. e3 Nf6 3. b3 g6 4. Bb2 Bg7 5. c4 O-O 6. Be2 Nc6 7. O-O d5 8. cxd5 Qxd5 9. Nc3 Qf5 10. Rc1 Rd8 11. Bb5 Bd7 12. Ne2 Nb4 13. Ng3 Qd5 14. Bc4 Qd6 15. a3 Nc6 16. Bxf6 Bxf6 17. Ne4 Qc7 18. Nxc5 Be8 19. Qe2 Qb6 20. d4 e5 21. Na4 Qa5 22. d5 Ne7 23. Nc3 Qxa3 24. Rfd1 Nf5 25. Ne4 Bg7 26. Nfd2 Qb4 27. g4 Ne7 28. Nf3 b5 29. d6 bxc4 30. dxe7 Rxd1+ 31. Rxd1 cxb3 32. Rd8 Qxe4 33. Qb5 Qxg4+ 34. Kf1 h5 35. Qxe8+ Kh7 36. Qg8+ Kh6 37. e8=Q Qxf3 38. Qh8+ Bxh8 39. Qxh8+ Kg5 40. Qxe5+ Kg4 41. Qd4+ Kh3 42. Rxa8 b2 43. Rb8 b1=Q+ 44. Rxb1 Qh1+ 45. Ke2 Qxb1 46. Qd7+ f5 47. Qxa7 Qc2+ 48. Ke1 Qc1+ 49. Ke2 Qc2+ 50. Ke1 Kxh2 51. Qe7 Qc1+ 52. Ke2 Qc4+ 53. Ke1 Kg2 54. Qb7+ Qe4 55. Qb2 Qf3 56. Qd2 h4 0-1

[Event "PRO League Prelim"]
[Site "chess.com INT"]
[Date "2023.02.15"]
[Round "1.4"]
[White "Preotu, Razvan"]
[Black "Jacobson, Brandon"]
[Result "0-1"]
[WhiteElo "2494"]
[BlackElo "2543"]
[WhiteFideId "-1"]
[WhiteFideId "-1"]
[PlyCount "52"]
[GameId "2130307563550688"]
[EventDate "2023.02.14"]
[EventType "team (rapid)"]
[EventRounds "5"]
[EventCountry "NET"]
[SourceTitle "The Week in Chess 1476"]
[Source "Mark Crowther"]
[SourceDate "2023.02.20"]
[SourceVersion "1"]
[SourceVersionDate "2023.02.20"]
[SourceQuality "2"]
[WhiteTeam "Canada ChessBrahs"]
[BlackTeam "Charlotte Cobras"]

1. e4 c5 2. Nf3 d6 3. d4 cxd4 4. Nxd4 Nf6 5. Nc3 Nc6 6. Bg5 e6 7. Qd2 a6 8. O-O-O Bd7 9. f3 Nxd4 10. Qxd4 Bc6 11. Kb1 h6 12. Bc1 Qc7 13. Bc4 Be7 14. Bb3 b5 15. g4 a5 16. a4 b4 17. Nb5 Bxb5 18. axb5 a4 19. Ba2 b3 20. cxb3 axb3 21. Bxb3 O-O 22. g5 hxg5 23. Bxg5 Qa5 24. Rc1 Qxb5 25. Rcg1 Qxb3 26. Bxf6 Bxf6 0-1

[Event "PRO League Prelim"]
[Site "chess.com INT"]
[Date "2023.02.21"]
[Round "2.1"]
[White "Preotu, Razvan"]
[Black "Sadhwani, Raunak"]
[Result "1-0"]
[WhiteElo "2494"]
[BlackElo "2627"]
[WhiteFideId "-1"]
[WhiteFideId "-1"]
[PlyCount "79"]
[GameId "2130307563550697"]
[EventDate "2023.02.14"]
[EventType "team (rapid)"]
[EventRounds "5"]
[EventCountry "NET"]
[SourceTitle "The Week in Chess 1477"]
[Source "Mark Crowther"]
[SourceDate "2023.02.27"]
[SourceVersion "1"]
[SourceVersionDate "2023.02.27"]
[SourceQuality "2"]
[WhiteTeam "Canada ChessBrahs"]
[BlackTeam "Indian Yogis"]

1. e4 c5 2. Nf3 Nc6 3. Bb5 e6 4. O-O Nge7 5. Re1 a6 6. Bf1 b6 7. c4 Bb7 8. Nc3 Ng6 9. d4 cxd4 10. Nxd4 Bc5 11. Nb3 Bb4 12. Be3 O-O 13. Rc1 d6 14. a3 Bc5 15. Nxc5 bxc5 16. Rb1 Rc8 17. b4 cxb4 18. axb4 Qf6 19. Qd2 h6 20. Na4 Nce5 21. Nb6 Bxe4 22. f4 Bxb1 23. fxe5 Nxe5 24. Nxc8 Rxc8 25. Rxb1 Nf3+ 26. gxf3 Qg6+ 27. Kf2 Qxb1 28. Qxd6 Qa2+ 29. Be2 a5 30. b5 a4 31. b6 Qb3 32. c5 a3 33. Bd4 a2 34. Qg3 e5 35. Qxe5 f6 36. Qd6 Ra8 37. c6 a1=Q 38. Bxa1 Rxa1 39. c7 Ra8 40. Qc6 1-0

[Event "PRO League Prelim"]
[Site "chess.com INT"]
[Date "2023.02.22"]
[Round "2.4"]
[White "Aronyak, Ghosh"]
[Black "Preotu, Razvan"]
[Result "1-0"]
[WhiteElo "2530"]
[BlackElo "2494"]
[WhiteFideId "-1"]
[WhiteFideId "-1"]
[PlyCount "127"]
[GameId "2130307563554808"]
[EventDate "2023.02.14"]
[EventType "team (rapid)"]
[EventRounds "5"]
[EventCountry "NET"]
[SourceTitle "The Week in Chess 1477"]
[Source "Mark Crowther"]
[SourceDate "2023.02.27"]
[SourceVersion "1"]
[SourceVersionDate "2023.02.27"]
[SourceQuality "2"]
[WhiteTeam "Indian Yogis"]
[BlackTeam "Canada ChessBrahs"]

1. c4 c5 2. Nc3 g6 3. g3 Bg7 4. Bg2 Nc6 5. a3 a5 6. d3 e5 7. Nf3 d6 8. Nd2 Nge7 9. Nf1 O-O 10. Ne3 Rb8 11. O-O Bd7 12. Nb5 Be6 13. Nd5 h6 14. Bd2 f5 15. Rb1 Bf7 16. Nbc3 b6 17. b4 axb4 18. axb4 Nxd5 19. Nxd5 Ne7 20. Nc3 Qd7 21. Qa4 Qxa4 22. Nxa4 b5 23. cxb5 c4 24. b6 cxd3 25. exd3 Nd5 26. b5 Nf6 27. Rfc1 e4 28. Bf4 Rfd8 29. Rc6 Bf8 30. dxe4 Nxe4 31. Rd1 Bb3 32. Rd4 g5 33. Be3 d5 34. f3 Nd6 35. Nc3 Nc4 36. Bf2 Bg7 37. f4 Nxb6 38. Rb4 Bxc3 39. Rxc3 Bc4 40. Bd4 g4 41. Ra3 Rdc8 42. h3 h5 43. Ra6 Nd7 44. Rg6+ Kf8 45. b6 Nc5 46. Rh6 Nd3 47. Rb1 gxh3 48. Bxh3 Kf7 49. Bxf5 Rg8 50. Rh7+ Ke8 51. Kh2 h4 52. gxh4 Nxf4 53. Re1+ Ne2 54. Bc5 Kd8 55. Rd7+ Ke8 56. Re7+ Kd8 57. R7xe2 Bxe2 58. Rxe2 Rg7 59. Bd4 Rf7 60. Re5 Ra8 61. Rxd5+ Ke8 62. Bg6 Ra2+ 63. Kh3 Ra3+ 64. Kg4 1-0

[Event "PRO League Prelim"]
[Site "chess.com INT"]
[Date "2023.03.10"]
[Round "4.4"]
[White "Lazavik, Denis"]
[Black "Preotu, Razvan"]
[Result "1-0"]
[WhiteElo "2541"]
[BlackElo "2494"]
[WhiteFideId "-1"]
[WhiteFideId "-1"]
[PlyCount "121"]
[GameId "2130307563558964"]
[EventDate "2023.02.14"]
[EventType "team (rapid)"]
[EventRounds "5"]
[EventCountry "NET"]
[SourceTitle "The Week in Chess 1479"]
[Source "Mark Crowther"]
[SourceDate "2023.03.13"]
[SourceVersion "1"]
[SourceVersionDate "2023.03.13"]
[SourceQuality "2"]
[WhiteTeam "Levitov Chess Wizards"]
[BlackTeam "Canada ChessBrahs"]

1. d4 d5 2. c4 Nc6 3. Nf3 Bg4 4. cxd5 Bxf3 5. gxf3 Qxd5 6. e3 e5 7. Nc3 Bb4 8. Bd2 Bxc3 9. bxc3 Qd6 10. Rb1 b6 11. Rg1 Nge7 12. f4 exf4 13. e4 O-O-O 14. Qg4+ Kb8 15. Qxf4 Qe6 16. Rxg7 Ng6 17. Qf5 Qxa2 18. Rd1 Rhf8 19. Be2 Nge7 20. Qf3 Rg8 21. Qxf7 Qc2 22. Rxg8 Rxg8 23. Qf3 Rg1+ 24. Bf1 Qb3 25. Qe2 a5 26. f3 a4 27. Kf2 Rg8 28. Ra1 Rf8 29. Qb5 Qc2 30. Qd3 Qb3 31. Be2 a3 32. Bd1 Qe6 33. Rxa3 Qh3 34. Be3 Qxh2+ 35. Ke1 Ng6 36. Qe2 Qd6 37. Ra2 Nf4 38. Qh2 Nd3+ 39. Kf1 Qe6 40. Kg1 Qc4 41. Qd2 Rg8+ 42. Kh1 Qe6 43. Qxd3 Qxa2 44. Qe2 Qe6 45. Bf4 Qh3+ 46. Bh2 Na5 47. Qf2 Nc4 48. Bb3 Qe6 49. d5 Qh6 50. Bxc4 Qc1+ 51. Bf1 Qxc3 52. Qxb6+ Ka8 53. Qa6+ Kb8 54. Qb6+ Ka8 55. Qc6+ Qxc6 56. dxc6 Kb8 57. Bc4 Rg6 58. Bd5 h5 59. f4 h4 60. f5 Rg4 61. f6 1-0

[Event "Titled Tuesday 2023.02.07 Late"]
[Site "Chess.com INT"]
[Date "2023.02.07"]
[Round "6"]
[White "Seletsky, Grigory"]
[Black "Preotu, Razvan"]
[Result "0-1"]
[WhiteElo "2279"]
[BlackElo "2494"]
[WhiteFideId "-1"]
[WhiteFideId "-1"]
[PlyCount "98"]
[GameId "1880040951267328"]
[EventDate "2023.02.07"]
[EventType "swiss (blitz)"]
[EventRounds "11"]
[EventCountry "NET"]
[SourceTitle "EXT 2024"]
[Source "ChessBase"]
[SourceDate "2023.10.10"]
[SourceVersion "1"]
[SourceVersionDate "2023.10.10"]
[SourceQuality "1"]

1. d4 Nf6 2. Nf3 g6 3. Bg5 Bg7 4. c3 O-O 5. Nbd2 d6 6. e4 c5 7. dxc5 dxc5 8. Be2 Nc6 9. O-O Qc7 10. Qc2 h6 11. Bh4 Nh5 12. Bg3 Nxg3 13. hxg3 Rb8 14. a4 a6 15. Nc4 b5 16. axb5 axb5 17. Ne3 e6 18. Rfd1 Rd8 19. Rxd8+ Qxd8 20. Rd1 Qc7 21. Ra1 Rb6 22. Ra8 Kh7 23. Ra1 Bb7 24. Kf1 Nb8 25. Nd2 Nd7 26. f4 c4 27. e5 Nc5 28. Bf3 Ra6 29. Rxa6 Bxa6 30. Ne4 Nd3 31. Nf2 b4 32. Be2 Qb6 33. Qd2 bxc3 34. bxc3 Qb1+ 35. Ned1 Bf8 36. Ne4 Be7 37. Nf6+ Kg7 38. Ng4 Bb7 39. f5 Bg5 40. f6+ Kh7 41. Nge3 Qb5 42. Nxc4 Bxd2 43. Bxd3 Qd5 44. Nf2 Qxg2+ 45. Ke2 Bg5 46. Nd6 Bf3+ 47. Ke1 Qg1+ 48. Bf1 Bg2 49. Ke2 Qxf1# 0-1

[Event "Airthings Masters Play In"]
[Site "Chess.com INT"]
[Date "2023.02.03"]
[Round "1"]
[White "Duda, Jan Krzysztof"]
[Black "Preotu, Razvan"]
[Result "1-0"]
[WhiteElo "2729"]
[BlackElo "2494"]
[WhiteFideId "-1"]
[WhiteFideId "-1"]
[PlyCount "109"]
[GameId "1878836622086144"]
[EventDate "2023.02.03"]
[EventType "swiss (rapid)"]
[EventRounds "9"]
[EventCountry "USA"]
[SourceTitle "CBM 212 Extra"]
[Source "ChessBase"]
[SourceDate "2023.03.31"]
[SourceVersion "1"]
[SourceVersionDate "2023.03.31"]
[SourceQuality "1"]

1. e4 e6 2. d4 d5 3. Nc3 Nf6 4. e5 Nfd7 5. Nce2 c5 6. c3 Nc6 7. f4 Be7 8. Nf3 O-O 9. a3 f6 10. b4 fxe5 11. fxe5 cxd4 12. cxd4 Nb6 13. h4 Rxf3 14. gxf3 Bxh4+ 15. Kd2 Bd7 16. Bb2 Nc4+ 17. Kc1 Be8 18. Bh3 Bg6 19. Bxe6+ Kh8 20. Qg1 Bd3 21. Qg4 Bg5+ 22. f4 Bh6 23. Rh3 Bxe2 24. Qxe2 Nxb2 25. Qxb2 Qb6 26. Kb1 Nxd4 27. Bxd5 Rd8 28. Be4 Ne6 29. Rd3 Rxd3 30. Bxd3 Nxf4 31. Bc4 Qc6 32. Qd4 Bg5 33. Kb2 Qg2+ 34. Kb3 b5 35. Bxb5 Qf3+ 36. Qc3 Qd5+ 37. Ka4 h6 38. Re1 Ne6 39. Qc4 Qd2 40. Rf1 Nf4 41. e6 Qd6 42. e7 Qxe7 43. Rxf4 Bxf4 44. Qxf4 g5 45. Qd4+ Kh7 46. Bd3+ Kg8 47. Bc4+ Kh7 48. Kb5 Qe8+ 49. Ka6 Qc8+ 50. Kxa7 Qc7+ 51. Ka6 Qc6+ 52. Ka5 Qa8+ 53. Ba6 Kg6 54. b5 h5 55. b6 1-0

[Event "Airthings Masters Play In"]
[Site "Chess.com INT"]
[Date "2023.02.03"]
[Round "2"]
[White "Preotu, Razvan"]
[Black "Iskusnyh, Sergei"]
[Result "1-0"]
[WhiteElo "2494"]
[BlackElo "2443"]
[WhiteFideId "-1"]
[WhiteFideId "-1"]
[PlyCount "59"]
[GameId "1878836622262272"]
[EventDate "2023.02.03"]
[EventType "swiss (rapid)"]
[EventRounds "9"]
[EventCountry "USA"]
[SourceTitle "CBM 212 Extra"]
[Source "ChessBase"]
[SourceDate "2023.03.31"]
[SourceVersion "1"]
[SourceVersionDate "2023.03.31"]
[SourceQuality "1"]

1. e4 e6 2. d4 d5 3. Nc3 Nf6 4. e5 Nfd7 5. f4 c5 6. Nf3 Be7 7. Be3 O-O 8. a3 a6 9. dxc5 Nxc5 10. b4 Ncd7 11. Ne2 f6 12. Ned4 Nb6 13. Bd3 Nc6 14. Nxc6 bxc6 15. O-O f5 16. Qe2 Na4 17. c4 Nc3 18. Qc2 dxc4 19. Bxc4 Nd5 20. Bxd5 cxd5 21. Rfc1 Bd7 22. Qc7 Rc8 23. Qb7 Bb5 24. Rxc8 Qxc8 25. Qxe7 Qc3 26. Re1 d4 27. Qxe6+ Kh8 28. Bxd4 Qd3 29. Qd6 Rc8 30. e6 1-0

[Event "Airthings Masters Play In"]
[Site "Chess.com INT"]
[Date "2023.02.03"]
[Round "3"]
[White "Williams, Simon Kim"]
[Black "Preotu, Razvan"]
[Result "1-0"]
[WhiteElo "2465"]
[BlackElo "2494"]
[WhiteFideId "-1"]
[WhiteFideId "-1"]
[PlyCount "75"]
[GameId "1878836622659584"]
[EventDate "2023.02.03"]
[EventType "swiss (rapid)"]
[EventRounds "9"]
[EventCountry "USA"]
[SourceTitle "CBM 212 Extra"]
[Source "ChessBase"]
[SourceDate "2023.03.31"]
[SourceVersion "1"]
[SourceVersionDate "2023.03.31"]
[SourceQuality "1"]

1. d4 d5 2. Nc3 Nf6 3. Bf4 c5 4. e3 a6 5. dxc5 Qa5 6. Nf3 Qxc5 7. Be2 g6 8. O-O Bg7 9. Na4 Qa5 10. c4 dxc4 11. Bxc4 O-O 12. Nc3 Nc6 13. a4 Nh5 14. Qb3 Nxf4 15. exf4 Qb4 16. Rfe1 Qd6 17. Rad1 Qb8 18. Nd5 e6 19. Nb6 Na5 20. Qb4 Nc6 21. Qc5 Qa7 22. b4 Bc3 23. Rb1 Bxe1 24. Rxe1 Rb8 25. a5 Rd8 26. Qg5 Kg7 27. h4 h6 28. Qc5 Bd7 29. h5 gxh5 30. Qxh5 Be8 31. Qg4+ Kh7 32. Qh4 Kg7 33. Re3 Rd1+ 34. Kh2 Rbd8 35. Ne5 Nxe5 36. fxe5 Bb5 37. Rg3+ Kh7 38. Qf6 1-0